| 000 | 00446nam a2200169Ia 4500 | ||
|---|---|---|---|
| 008 | 230524s9999 xx 000 0 und d | ||
| 082 |
_a658.12 _bMUR |
||
| 100 | _aMiles Murdocca | ||
| 245 | 0 | _aComputer Architecture And Organisation: An Integrated Approach | |
| 250 | _aIST | ||
| 260 |
_aNEW DELHI _bJohn Wiley _c2009 |
||
| 300 | _aXX;519 | ||
| 500 | _aQuantity Number: 14 | ||
| 650 | _aComp-Sc | ||
| 700 | _a Vincent Heuring | ||
| 942 | _cBK | ||
| 999 |
_c46331 _d46331 |
||